Účtovné a daňové aspekty prenájmov ako formy obstarania dlhodobého hmotného majetku diplomová práca

Na minha lista:
Detalhes bibliográficos
Autor principal: Stašenková, Monika
Autor Corporativo: Fakulta hospodárskej informatiky EU. Katedra účtovníctva a audítorstva
Outros Autores: Szász, Marek
Formato: Livro
Idioma:eslovaco
Publicado em: Bratislava 2018
Tags: Adicionar Tag
Sem tags, seja o primeiro a adicionar uma tag!

MARC

LEADER 00000nbm a2200000 4500
001 0243559
005 20181108092635.1
041 0 |a slo 
044 |a SK 
245 1 0 |a Účtovné a daňové aspekty prenájmov ako formy obstarania dlhodobého hmotného majetku  |b diplomová práca  |c Monika Stašenková ; školiteľ: Marek Szász 
264 1 |a Bratislava  |c 2018 
300 |a 60 s. 
100 1 |a Stašenková, Monika 
700 1 |a Szász, Marek 
710 2 |a Fakulta hospodárskej informatiky EU. Katedra účtovníctva a audítorstva